Ostdeutsche KFZ-Kennzeichen - Statistiken

Allgemein
  • Dieses Quiz wurde 91 mal gespielt
  • Das Durchschnittsergebnis liegt bei 100 aus 243
Antwortstatistiken
Abkürzung Bundesland Stadt bzw. Landkreis % Korrekt
B Berlin
93%
C Sachsen Chemnitz
91%
DD Sachsen Dresden
90%
J Thüringen Jena
89%
ROS Mecklenburg-Vorpommern (ehemaliger) Landkreis Rostock
87%
G Thüringen Gera
87%
EF Thüringen Erfurt
86%
HAL Sachsen-Anhalt Halle (Saale)
86%
AP | APD Thüringen Apolda
83%
L Sachsen Leipzig
83%
BZ Sachsen Bautzen
81%
ANA Sachsen Annaberg-Buchholz
80%
CB Brandenburg Cottbus
80%
Z Sachsen Zwickau
80%
BRB Brandenburg Brandenburg an der Havel
79%
MD Sachsen-Anhalt Magdeburg
79%
FF Brandenburg Frankfurt (Oder)
77%
RÜG Mecklenburg-Vorpommern Landkreis Rügen
77%
P Brandenburg Potsdam
77%
ERZ Sachsen Erzgebirgskreis
76%
GTH Thüringen Gotha
76%
MEI Sachsen Meißen
76%
AU Sachsen Aue-Bad Schlema
73%
GRZ Thüringen Greiz
73%
KYF Thüringen Kyffhäuserkreis
73%
Mecklenburg-Vorpommern Güstrow
71%
HVL Brandenburg Landkreis Havelland
71%
ABG Thüringen Altenburg
70%
EA Thüringen Eisenach
70%
HRO Mecklenburg-Vorpommern Hansestadt Rostock
70%
WIS Mecklenburg-Vorpommern Landkreis Wismar
69%
PIR Sachsen Pirna
69%
PL Sachsen Plauen
69%
RIE Sachsen Riesa
69%
DE Sachsen-Anhalt Dessau-Roßlau
67%
BTF Sachsen-Anhalt Bitterfeld-Wolfen
66%
FG Sachsen Freiberg
66%
EIL Sachsen-Anhalt Lutherstadt Eisleben
66%
QLB Sachsen-Anhalt Quedlinburg
66%
ZI Sachsen Zittau
66%
BRG Sachsen-Anhalt Burg (bei Magdeburg)
64%
KÖT Sachsen-Anhalt Köthen (Anhalt)
64%
GW Mecklenburg-Vorpommern Landkreis Greifswald
64%
HY Sachsen Hoyerswerda
63%
BAR Brandenburg Landkreis Barnim
63%
MÜR Mecklenburg-Vorpommern Landkreis Müritz
63%
LRO Mecklenburg-Vorpommern Landkreis Rostock
63%
V Sachsen Vogtlandkreis
63%
GRM Sachsen Grimma
61%
Sachsen-Anhalt Landkreis Börde
61%
ANK Mecklenburg-Vorpommern Anklam
60%
LWL Mecklenburg-Vorpommern Ludwigslust
60%
NDH Thüringen Nordhausen
60%
TG Sachsen Torgau
60%
WE Thüringen Weimar
59%
ASL Sachsen-Anhalt Aschersleben
57%
DZ Sachsen Delitzsch
57%
PCH Mecklenburg-Vorpommern Parchim
57%
SN Mecklenburg-Vorpommern Schwerin
57%
BLK Sachsen-Anhalt Burgenlandkreis
56%
IL Thüringen Ilmenau
56%
ABI Sachsen-Anhalt Landkreis Anhalt-Bitterfeld
56%
OHV Brandenburg Landkreis Oberhavel
56%
NB Mecklenburg-Vorpommern Neubrandenburg
56%
SÖM Thüringen Sömmerda
56%
HWI Mecklenburg-Vorpommern Hansestadt Wismar
54%
EIC Thüringen Landkreis Eichsfeld
54%
MER Sachsen-Anhalt Merseburg
54%
SON Thüringen Sonneberg
54%
ARN Thüringen Arnstadt
53%
FTL Sachsen Freital
53%
HST Mecklenburg-Vorpommern Hansestadt Stralsund
53%
GR Sachsen Görlitz
51%
OZ Sachsen Oschatz
51%
DBR Mecklenburg-Vorpommern Bad Doberan
50%
EE Brandenburg Landkreis Elbe-Elster
50%
JL Sachsen-Anhalt Landkreis Jerichower Land
50%
UM Brandenburg Landkreis Uckermark
50%
EW Brandenburg Eberswalde
49%
GC Sachsen Glauchau
49%
HZ Sachsen-Anhalt Landkreis Harz
49%
NMB Sachsen-Anhalt Naumburg (Saale)
49%
ZZ Sachsen-Anhalt Zeitz
49%
FLÖ Sachsen Flöha
47%
HBS Sachsen-Anhalt Halberstadt
47%
QFT Sachsen-Anhalt Querfurt
47%
SLF Thüringen Saalfeld/Saale
47%
SDL Sachsen-Anhalt Stendal
47%
BNA Sachsen Borna
46%
SFB Brandenburg Senftenberg
46%
SHL Thüringen Suhl
46%
EB Sachsen Eilenburg
44%
FI Brandenburg Finsterwalde
44%
FW Brandenburg Fürstenwalde/Spree
44%
PM Brandenburg Landkreis Potsdam-Mittelmark
44%
WUR Sachsen Wurzen
44%
HGN Mecklenburg-Vorpommern Hagenow
43%
LÖB Sachsen Löbau
43%
BBG Sachsen-Anhalt Bernburg (Saale)
41%
GUB Brandenburg Guben
41%
HGW Mecklenburg-Vorpommern Hansestadt Greifswald
41%
IK Thüringen Ilm-Kreis
41%
KM Sachsen Kamenz
41%
NWM Mecklenburg-Vorpommern Landkreis Nordwestmecklenburg
41%
SOK Thüringen Saale-Orla-Kreis
41%
WSW Sachsen Weißwasser/Oberlausitz
41%
ANG Brandenburg Angermünde
40%
BER Brandenburg Bernau bei Berlin
40%
KW Brandenburg Königs Wusterhausen
40%
TF Brandenburg Landkreis Teltow-Fläming
40%
OC Sachsen-Anhalt Oschersleben (Bode)
40%
RU Thüringen Rudolstadt
40%
ZE Sachsen-Anhalt Zerbst/Anhalt
40%
ART Thüringen Artern
39%
WB Sachsen-Anhalt Lutherstadt Wittenberg
39%
SK Sachsen-Anhalt Saalekreis
39%
SPB Brandenburg Spremberg
39%
ZP Sachsen Zschopau
39%
DM Mecklenburg-Vorpommern Demmin
37%
MSE Mecklenburg-Vorpommern Landkreis Mecklenburgische Seenplatte
37%
MGN Thüringen Meiningen
37%
MHL Thüringen Mühlhausen/Thüringen
37%
BÜZ Mecklenburg-Vorpommern Bützow
36%
DW Sachsen Dippoldiswalde
36%
DL Sachsen Döbeln
36%
EH Brandenburg Eisenhüttenstadt
34%
HBN Thüringen Hildburghausen
34%
MW Sachsen Mittweida
34%
NAU Brandenburg Nauen
34%
NY Sachsen Niesky
34%
SLK Sachsen-Anhalt Salzlandkreis
34%
WRN Mecklenburg-Vorpommern Waren (Müritz)
34%
WAK Thüringen Wartburgkreis
34%
VR Mecklenburg-Vorpommern Landkreis Vorpommern-Rügen
33%
ASZ Sachsen Landkreis Aue-Schwarzenberg
31%
NVP Mecklenburg-Vorpommern Landkreis Nordvorpommern
31%
PR Brandenburg Landkreis Prignitz
31%
VG Mecklenburg-Vorpommern Landkreis Vorpommern-Greifswald
31%
NP Brandenburg Neuruppin
31%
SHK Thüringen Saale-Holzland-Kreis
31%
SAW Sachsen-Anhalt Salzwedel
31%
SCZ Thüringen Schleiz
31%
SM Thüringen Schmalkalden
31%
SEB Sachsen Sebnitz
31%
WR Sachsen-Anhalt Wernigerode
31%
BIW Sachsen Bischofswerda
30%
BK Sachsen-Anhalt Bördekreis
30%
CA Brandenburg Calau
30%
JE Sachsen-Anhalt Jessen (Elster)
30%
OVP Mecklenburg-Vorpommern Landkreis Ostvorpommern
30%
NZ Mecklenburg-Vorpommern Neustrelitz
30%
AE Sachsen Auerbach/Vogtland
29%
GHC Sachsen-Anhalt Gräfenhainichen
29%
HC Sachsen Hainichen
29%
SPN Brandenburg Landkreis Spree-Neiße
29%
TET Mecklenburg-Vorpommern Teterow
29%
UH Thüringen Unstrut-Hainich-Kreis
29%
AZE Sachsen-Anhalt Landkreis Anhalt-Zerbst
27%
LDS Brandenburg Landkreis Dahme-Spreewald
27%
LOS Brandenburg Landkreis Oder-Spree
27%
NEB Sachsen-Anhalt Nebra (Unstrut)
27%
PW Mecklenburg-Vorpommern Pasewalk
27%
SDT Brandenburg Schwedt/Oder
27%
SDH Thüringen Sondershausen
27%
TDO Sachsen Torgau, Delitzsch, Oschatz
27%
EIS Thüringen Eisenberg
26%
FOR Brandenburg Forst (Lausitz)
26%
GA Sachsen-Anhalt Gardelegen
26%
HIG Thüringen Heilbad Heiligenstadt
26%
HOT Sachsen Hohenstein-Ernstthal
26%
MSH Sachsen-Anhalt Landkreis Mansfeld-Südharz
26%
OSL Brandenburg Landkreis Oberspreewald-Lausitz
26%
MAB Sachsen Marienberg
26%
SGH Sachsen-Anhalt Sangerhausen
26%
UEM Mecklenburg-Vorpommern Ueckermünde
26%
WSF Sachsen-Anhalt Weißenfels
26%
ZR Thüringen Zeulenroda-Triebes
26%
LSZ Thüringen Bad Langensalza
24%
SLZ Thüringen Bad Salzungen
24%
MOL Brandenburg Landkreis Märkisch-Oderland
24%
OPR Brandenburg Landkreis Ostprignitz-Ruppin
24%
PZ Brandenburg Prenzlau
24%
WDA Sachsen Werdau
24%
AT Mecklenburg-Vorpommern Altentreptow
23%
BSK Brandenburg Beeskow
23%
HDL Sachsen-Anhalt Haldensleben
23%
LUP Mecklenburg-Vorpommern Landkreis Ludwigslust-Parchim
23%
LN Brandenburg Lübben (Spreewald)
23%
SEE Brandenburg Seelow
23%
LBS Thüringen Bad Lobenstein
21%
HET Sachsen-Anhalt Hettstedt
21%
KY Brandenburg Kyritz
21%
MEK Sachsen Mittlerer Erzgebirgskreis
21%
PN Thüringen Pößneck
21%
RL Sachsen Rochlitz
21%
RSL Sachsen-Anhalt Roßlau (Elbe)
21%
SZB Sachsen Schwarzenberg/Erzgebirge
21%
WLG Mecklenburg-Vorpommern Wolgast
21%
BED Sachsen Brand-Erbisdorf
20%
GNT Sachsen-Anhalt Genthin
20%
GVM Mecklenburg-Vorpommern Grevesmühlen
20%
GMN Mecklenburg-Vorpommern Grimmen
20%
GRH Sachsen Großenhain
20%
KLZ Sachsen-Anhalt Klötze
20%
LBZ Mecklenburg-Vorpommern Lübz
20%
SRB Brandenburg Strausberg
20%
TP Brandenburg Templin
20%
FRW Brandenburg Bad Freienwalde (Oder)
19%
GDB Mecklenburg-Vorpommern Gadebusch
19%
GHA Sachsen Geithain
19%
HV Sachsen-Anhalt Havelberg
19%
MTL Sachsen Muldentalkreis
19%
STL Sachsen Stollberg/Erzgebirge
19%
LIB Brandenburg Bad Liebenwerda
17%
MQ Sachsen-Anhalt Landkreis Merseburg-Querfurt
17%
MC Mecklenburg-Vorpommern Malchin
17%
WZL Sachsen-Anhalt Wanzleben-Börde
17%
ML Sachsen-Anhalt Landkreis Mansfelder Land
16%
LC Brandenburg Luckau
16%
RN Brandenburg Rathenow
16%
SLN Thüringen Schmölln
16%
WBS Thüringen Leinefelde-Worbis
14%
NH Thüringen Neuhaus am Rennweg
14%
OVL Sachsen Obervogtland
14%
SRO Thüringen Stadtroda
14%
WK Brandenburg Wittstock/Dosse
14%
WMS Sachsen-Anhalt Wolmirstedt
14%
HHM Sachsen-Anhalt Hohenmölsen
13%
RG Sachsen Landkreis Riesa-Großenhain
13%
OK Sachsen-Anhalt Ohrekreis
13%
RDG Mecklenburg-Vorpommern Ribnitz-Damgarten
13%
SBK Sachsen-Anhalt Schönebeck (Elbe)
13%
SFT Sachsen-Anhalt Staßfurt
13%
TO Sachsen Landkreis Torgau-Oschatz
11%
MST Mecklenburg-Vorpommern Landkreis Mecklenburg-Strelitz
10%
OBG Sachsen-Anhalt Osterburg (Altmark)
10%
STB Mecklenburg-Vorpommern Sternberg
10%
NOL Sachsen Niederschlesischer Oberlausitzkreis
9%
RC Sachsen Reichenbach im Vogtland
9%
SBG Mecklenburg-Vorpommern Strasburg (Uckermark)
9%
RM Mecklenburg-Vorpommern Röbel/Müritz
7%
UER Mecklenburg-Vorpommern Landkreis Uecker-Randow
6%
Keine übereinstimmenden Quizze gefunden
Verteilung der Resultate
Anzahl Personen mit jedem Resultat
Perzentil nach korrekt beantworteten Fragen
Ihre Resultats-Entwicklung
Sie haben dieses Quiz noch nicht gespielt